| 000 | 004370000a22001810004500 | ||
|---|---|---|---|
| 003 | MACL | ||
| 005 | 20160122121154.0 | ||
| 008 | 160122b xxu||||| |||| 00| 0 eng d | ||
| 040 |
_aMACL _cMACL |
||
| 041 | _aEnglish | ||
| 082 | _a793/ALI | ||
| 100 |
_aTom, Alter _934021 |
||
| 245 | _aThe Best in the World | ||
| 260 |
_bPenguin Books _c1999 _aNew Delhi |
||
| 350 | _a200 | ||
| 650 |
_aIndoor games _934022 |
||
| 942 |
_cBK _k793/Men _2ddc |
||
| 999 |
_c31263 _d31263 |
||